| 000 | 00696nam a22002171a 4500 | ||
|---|---|---|---|
| 003 | AR-Ro-UNCS | ||
| 005 | 20251104152213.0 | ||
| 008 | 080619s2012 ag |||||||||||||| ||spa | ||
| 020 | _a978-987-9493-29-8 | ||
| 040 |
_aAR-BaBN _bspa _cAR-RoUNCS _eaacr |
||
| 080 | _0330(07) | ||
| 100 | 1 |
_aEggers, Francisco Guillermo _eautor |
|
| 245 | 1 | 0 |
_aEconomía / _cFrancisco Guillermo Eggers ; con la colaboración de Antonio Elio Brailosvsky. |
| 250 | _a1a ed., 1a reimp. | ||
| 260 |
_aBuenos Aires : _bMaipue, _c2012. |
||
| 300 |
_a223 p. ; _c27 cm. |
||
| 650 | 4 |
_aECONOMÍA _xENSEÑANZA SECUNDARIA |
|
| 655 | 4 | _aMANUALES | |
| 700 | 1 |
_aBrailovsky, Antonio Elio, _d1946- _ecolaborador |
|
| 942 |
_2udc _cOG _n0 |
||
| 999 |
_c680 _d680 |
||